LIBRARY & INFORMATION CENTRE, KCAET, TAVANUR

ONLINE PUBLIC ACCESS CATALOGUE (OPAC)

Treatise on differential equations / (Record no. 5386)

MARC details
000 -LEADER
fixed length control field 00403cam a2200157ua 4500
041 ## - LANGUAGE CODE
Language code of text/sound track or separate title eng
082 ## - DEWEY DECIMAL CLASSIFICATION NUMBER
Classification number 515.35
Item number FOR/TR
100 ## - MAIN ENTRY--AUTHOR NAME
Personal name Forsyth, A R .
245 ## - TITLE STATEMENT
Title Treatise on differential equations /
250 ## - EDITION STATEMENT
Edition statement 1 /
260 ## - PUBLICATION, DISTRIBUTION, ETC. (IMPRINT)
Place of publication London :
Name of publisher MacMillan and Company Limited ,
Year of publication 1961.
300 ## - PHYSICAL DESCRIPTION
Number of Pages 583 ; .
942 ## - ADDED ENTRY ELEMENTS (KOHA)
Koha item type Books
Holdings
Withdrawn status Lost status Damaged status Home library Current library Date acquired Full call number Accession Number Koha item type
Withdrawn     KAUAET Sanskrit University 07/04/2012 515.35 5193 Books
free website counter